| 000 | | | 04044nac2a22002891x 450 |
| 001 | | | b78b3f56-97ec-4dd9-b834-3b34ac5c4a81 |
| 005 | | | 20140113094100.0 |
| 100 | ## | $a | 20130529l19031905k y0rusy50 ca |
| 101 | 0# | $a | rus |
| 102 | ## | $a | RU |
| 105 | ## | $a | y z ||||| |
| 122 | 2# | $a | d19030316 |
| | $a | d19050225 |
| 200 | 1# | $a | Васильева Макария Николаевича |
| | $j | 16 марта 1903 - 25 февраля 1905 |
| 215 | ## | $a | 5 листов |
| 251 | ## | $c | Дело |
| 300 | ## | $a | Заголовок дела на папке: Письма Васильева Макария Николаевича Кони Анатолию Федоровичу |
| 300 | ## | $a | (Из конверта с надписью "Помощь людям и патенты на неблагодарность") |
| 300 | ## | $a | Рукописный текст |
| 330 | ## | $a | Переписка А. Ф. Кони; Письма к А. Ф. Кони |
| 461 | #0 | $1 | 0013a54f2e3-e9cf-409b-80fa-f0a9bd3c40cb |
| | $1 | 2001 |
| | $a | Кони Анатолий Федорович, юрист, литератор, член академии наук, председатель Санкт-Петербургского окружного суда, член государственного совета |
| | $1 | 251 |
| | $c | Фонд |
| | $1 | 852 |
| | $j | 564 |
| 462 | #0 | $1 | 00178a475cd-a47d-4377-bff3-cee4b81de655 |
| | $1 | 2001 |
| | $a | Опись дел фонда А. Ф. Кони за 1880-1931 гг. |
| | $1 | 251 |
| | $c | Опись |
| | $1 | 852 |
| | $j | 1 |
| 517 | ## | $a | Письма Васильева Макария Николаевича Кони Анатолию Федоровичу |
| 600 | #1 | $a | Кони |
| | $b | А. Ф. |
| | $f | 1844-1927 |
| | $g | Анатолий Федорович |
| 600 | #1 | $a | Васильев |
| | $b | М. Н. |
| | $g | Макарий Николаевич |
| 801 | #0 | $a | RU |
| | $b | GA_RF |
| 801 | #1 | $a | RU |
| | $b | НПО Опыт |
| | $c | 20130529 |
| | $2 | rusmarc |
| 801 | #2 | $a | RU |
| | $b | ПБ им. Б.Н. Ельцина |
| | $c | 20140113 |
| | $g | RCR |
| | $2 | rusmarc |
| 852 | ## | $a | ГА РФ |
| | $j | 1335 |
| 937 | ## | $d | 42741766 |
| | $h | ПБ |
| 035 | ## | $a | RuPRLIB51002251 |